NFL Superbowl MVPs - Statistics

General Stats
  • This quiz has been taken 143 times
  • The average score is 32 of 59
Answer Stats
Hint Answer % Correct
XXXVI Tom Brady
98%
XXXVIII Tom Brady
98%
XLIX Tom Brady
98%
LI Tom Brady
98%
LV Tom Brady
98%
LIV Patrick Mahomes
97%
LVII Patrick Mahomes
97%
LVIII Patrick Mahomes
97%
LIX Jalen Hurts
93%
XLI Peyton Manning
88%
XLII Eli Manning
87%
XLVI Eli Manning
87%
LVI Cooper Kupp
83%
LII Nick Foles
77%
XLV Aaron Rodgers
74%
LIII Julian Edelman
74%
XVI Joe Montana
71%
XIX Joe Montana
71%
XXIV Joe Montana
71%
XLVIII Malcolm Smith
70%
50 Von Miller
70%
XLIV Drew Brees
68%
XXVIII Emmit Smith
64%
XLVII Joe Flacco
61%
XXXIII John Elway
61%
I Bart Starr
59%
II Bart Starr
59%
XXIII Jerry Rice
58%
XIII Terry Bradshaw
58%
XIV Terry Bradshaw
58%
XXVII Troy Aikmen
54%
III Joe Namath
53%
XXIX Steve Young
52%
XXXIV Kurt Warner
50%
XLIII Santonio Holmes
50%
XXXV Ray Lewis
47%
XL Hines Ward
42%
IX Franco Harris
40%
VI Roger Staubach
37%
XXXII Terrell Davis
37%
XXX Larry Brown
35%
XXII Doug Williams
31%
IV Len Dawson
31%
XII Harvey Martin/Randy White
30%
XXXIX Deion Branch
27%
XXXVII Dexter Jackson
27%
XVIII Marcus Allen
26%
VIII Larry Csonka
23%
X Lynn Swann
23%
XXI Phil Simms
23%
XXXI Desmond Howard
22%
XV Jim Plunkett
21%
XVII John Riggins
18%
XXVI Mark Rypien
16%
XXV Ottis Anderson
16%
XX Richard Dent
16%
XI Fred Biletnikoff
13%
VII Jake Scott
11%
V Chuck Howley
10%
No matching quizzes found
Score Distribution
Percent of People with Each Score
Percentile by Number Answered
Your Score History
You have not taken this quiz